Aproximación al estado actual de la bioprospección en Colombia / (Registro nro. 3483)
[ vista simple ]
| 000 -CABECERA | |
|---|---|
| Campo de control | 00977nam a2200289 i 4500 |
| 005 - FECHA Y HORA DE LA ULTIMA TRANSACCION | |
| Campo de control | 20191224041706.0 |
| 008 - ELEMENTOS DE LONGITUD FIJA—INFORMACION GENERAL | |
| Campo de control | 140311s2002 ck ||||| |||| 00| 0 spa d |
| 040 ## - FUENTE DE CATALOGACIÓN | |
| Agencia catalogadora original | CO-BoIAVH |
| Agencia transcriptora | CO-BoIAVH |
| 041 ## - IDIOMA | |
| Código de idioma para texto/pista de sonido o título separado | Español |
| 044 ## - PAÍS DE PUBLICACIÓN | |
| País de publicación | Colombia |
| 082 04 - NUMERO DE CLASIFICACION DECIMAL DEWEY | |
| Número de clasificación | 570.72 |
| Número del ítem | M52a |
| 100 1# - ASIENTO PRINCIPAL--NOMBRE PERSONAL | |
| Nombre personal | Melgarejo, Luz Marina |
| 9 (RLIN) | 13451 |
| 245 10 - MENCION DE TITULO | |
| Título | Aproximación al estado actual de la bioprospección en Colombia / |
| Mención de responsabilidad | Luz Marina Melgarejo y (otros seis autores) |
| 260 ## - PUBLICACION, DISTRIBUCION, ETC. (PIE DE IMPRENTA) | |
| Lugar de publicación, distribución, etc. | Bogotá : |
| Nombre del editor, distribuidor, etc. | Cargraphics, |
| Fecha de publicación, distribución, etc. | 2002. |
| 300 ## - DESCRIPCION FISICA | |
| Extensión | 334 páginas ; |
| Dimensiones | 26 cm. |
| 650 14 - ASIENTO SECUNDARIO DE MATERIA - TERMINO TEMATICO | |
| Término temático o nombre geográfico como elemento de entrada | Ecología |
| 9 (RLIN) | 92250 |
| 650 24 - ASIENTO SECUNDARIO DE MATERIA - TERMINO TEMATICO | |
| Término temático o nombre geográfico como elemento de entrada | Microbiología |
| 9 (RLIN) | 6791 |
| 650 24 - ASIENTO SECUNDARIO DE MATERIA - TERMINO TEMATICO | |
| Término temático o nombre geográfico como elemento de entrada | Organismos marinos |
| 9 (RLIN) | 33602 |
| 700 1# - ASIENTO SECUNDARIO - NOMBRE PERSONAL | |
| Nombre personal | Sánchez, Jimena, |
| Término de relación | autora. |
| 9 (RLIN) | 55831 |
| 700 1# - ASIENTO SECUNDARIO - NOMBRE PERSONAL | |
| Nombre personal | Chaparro, Alejandro, |
| Término de relación | autor. |
| 9 (RLIN) | 20194 |
| 700 1# - ASIENTO SECUNDARIO - NOMBRE PERSONAL | |
| Nombre personal | Newmark, Federico, |
| Término de relación | autor. |
| 9 (RLIN) | 55832 |
| 700 1# - ASIENTO SECUNDARIO - NOMBRE PERSONAL | |
| Nombre personal | Santos Acevedo, Marisol, |
| Término de relación | autora. |
| 9 (RLIN) | 15765 |
| 700 1# - ASIENTO SECUNDARIO - NOMBRE PERSONAL | |
| Nombre personal | Burbano, Consuelo, |
| Término de relación | autora. |
| 9 (RLIN) | 20196 |
| 700 1# - ASIENTO SECUNDARIO - NOMBRE PERSONAL | |
| Nombre personal | Reyes, Carmen, |
| Término de relación | autora. |
| 9 (RLIN) | 16233 |
| 942 ## - ELEMENTOS ADICIONALES (KOHA) | |
| Tipo de ítem | Libro |
| Sistema de clasificación | Dewey Decimal Classification |
| 945 ## - PROCESAMIENTO LOCAL | |
| AAAA-MM-DD - Fecha de ingreso o modificacion | 2003-11-05 |
| Withdrawn status | Lost status | Sistema de Clasificación | Damaged status | No para préstamo | Colección | Inventariado | Ubicación Permanente | Ubicación actual | Fecha de adquisición | Fuente de Valor | Valor | Total Checkouts | Número topográfico | Inventario / Código de Barras | Date last seen | Ejemplar | Price effective from | Forma de adquisición | Tipo de material |
|---|---|---|---|---|---|---|---|---|---|---|---|---|---|---|---|---|---|---|---|
| Dewey Decimal Classification | General | Inventariado 2017 | Bogotá | Bogotá | 09/04/2014 | Instituto | 50000.00 | LB-570.72 M52a | 034441 | 09/04/2014 | Ej. 1 | 09/04/2014 | Libro | ||||||
| Dewey Decimal Classification | General | Bogotá | Bogotá | 21/10/2019 | LB-570.72 M52a | 043619 | 21/10/2019 | Ej.3 | 21/10/2019 | Donación | Libro | ||||||||
| Dewey Decimal Classification | General | Inventariado 2017 | Sala Fabio Quevedo | Sala Fabio Quevedo | 04/12/2012 | Instituto | 50000.00 | LB-570.72 M52a | 014820 | 04/12/2012 | Ej. 2 | 04/12/2012 | Libro |